000 00871nam a22002417a 4500
005 20100723123036.0
010 _aENG-96620
020 _a8180547388
_c200.00
020 _a9788180547386
_c200.00
035 _aEN-80153
037 _bDBAD/PUB
082 _a338.7
100 _aVarshney, R.L.
_9801
245 _aBusiness economics /
_cby R.L. Varshney, K.L. Maheshwari [and] R.K. Maheshwari
260 _aNew Delhi
_bSultan Chand & Sons
_c2009
270 _a23, Daryaganj,
_bNew Delhi
_e110002
_k23266105
_l011-2326-6357
300 _axviii, various pagings,
_bill.
_c24cm, (pbk)
700 _aMaheshwari, K.L
_9969
700 _aMaheshwari, R.K
_9970
700 _aMaheshwari, R.K
_9970
942 _2ddc
_cEN
_mVAR
_h338.7
999 _c37373
_d37373